Principios de derecho comercial (Registro nro. 57052)

Detalles MARC
000 -ENCABEZADO
Número de control [NR] 01045nam a2200289Ia 4500
005 - FECHA Y HORA DE LA ÚLTIMA TRANSACCIÓN
control field 20211105120532.0
008 - DE LONGITUD FIJA DE DATOS DE ELEMENTOS - INFORMACIÓN GENERAL
Elementos de longitud fija [NR] 130821s2018 ck gr spa
020 ## - NUMERO INTERNACIONAL NORMALIZADO PARA LIBROS [R]
Número Internacional Normalizado del libro [NR] 9789583511721 (12a.Ed.)
020 ## - NUMERO INTERNACIONAL NORMALIZADO PARA LIBROS [R]
Número Internacional Normalizado del libro [NR] 9789583506253 (10a.Ed.)
020 ## - NUMERO INTERNACIONAL NORMALIZADO PARA LIBROS [R]
Número Internacional Normalizado del libro [NR] 9789583504600 (9a.Ed.)
020 ## - NUMERO INTERNACIONAL NORMALIZADO PARA LIBROS [R]
Número Internacional Normalizado del libro [NR] 958350260X (8a.Ed.)
020 ## - NUMERO INTERNACIONAL NORMALIZADO PARA LIBROS [R]
Número Internacional Normalizado del libro [NR] 8482722484 (2a.Ed.)
040 ## - FUENTE DE CATALOGACION [NR]
Agencia de catalogación original [NR] Co-BoUCM
Idioma de catalogación [NR] Español
Quien Cataloga Saul Niño (Modificó)
Quien Clasifica [Nuevo]
041 00 - CODIGO DE IDIOMA [R]
Código de idioma para texto/pista de sonido o título separado [R] Español
082 04 - NUMERO DE CLASIFICACION DECIMAL DEWEY [R]
Número de clasificación [R] 346.07
Número de la edición [NR] 20
100 1# - ASIENTO PRINCIPAL--NOMBRE PERSONAL [NR]
Nombre personal [NR] Madriñan de la Torre, Ramón Eduardo
ID Autoridad 98506
245 10 - MENCION DE TITULO [NR]
Título [NR] Principios de derecho comercial
Mención de responsabilidad, etc. [NR] Ramón E. Madriñán de la Torre
250 ## - MENCION DE EDICION [NR]
Mención de edición [NR] Decimosegunda edición
260 ## - PUBLICACION, DISTRIBUCION, ETC. (PIE DE IMPRENTA) [R]
Lugar de publicación, distribución, etc. [R] Bogotá (Colombia)
Nombre del editor, distribuidor, etc. [R] Temis
Fecha de publicación, distribución, etc. [R] 2018
300 ## - DESCRIPCION FISICA [R]
Extensión [R] xv, 315 páginas
650 04 - ASIENTO SECUNDARIO DE MATERIA - TERMINO TEMATICO [R]
Término temático o nombre geográfico como elemento de entrada [NR] Competencia económica desleal
Subdivisión geográfica [R] Colombia
9 (RLIN) 11260
650 04 - ASIENTO SECUNDARIO DE MATERIA - TERMINO TEMATICO [R]
Término temático o nombre geográfico como elemento de entrada [NR] Derecho comercial
9 (RLIN) 12717
650 04 - ASIENTO SECUNDARIO DE MATERIA - TERMINO TEMATICO [R]
Término temático o nombre geográfico como elemento de entrada [NR] Derecho comercial
Subdivisión general [R] Historia
Subdivisión geográfica [R] Colombia
9 (RLIN) 12717
650 04 - ASIENTO SECUNDARIO DE MATERIA - TERMINO TEMATICO [R]
Término temático o nombre geográfico como elemento de entrada [NR] Derecho comercial
Subdivisión geográfica [R] Colombia
9 (RLIN) 33552
650 04 - ASIENTO SECUNDARIO DE MATERIA - TERMINO TEMATICO [R]
Término temático o nombre geográfico como elemento de entrada [NR] Sociedades comerciales
Subdivisión geográfica [R] Colombia
9 (RLIN) 42570
942 ## - ELEMENTOS DE ENTRADA AGREGADOS (KOHA)
Tipo de ítem principal el descrito en 300a Libro
Tema principal Derecho
Edición 1
Parte restante de la signatura top. M178p
Sistema de clasificación DEWEY
Clasificación 346.07
Existencias
Suprimido Perdido Sistema de clasificación Dañado No prestable Tipo de ítem específico Ubicación habitual Ubicación actual Localización Fecha de creación Forma de adquisición Costo Volúmen / Fascículo Total préstamos Total Renewals Signatura topográfica Código de barras Última vez visto Fecha de último préstamo Ejemplar Price effective from Tipo de ítem Proveedor Costo de reposición
    DEWEY     Libro Claustro Claustro 3er piso 30/09/2012 Donación 0.00 4a.Ed. 14 5 346.07 M178p 100122486 09/12/2025 01/08/2019 Ej.1 03/02/2013 Libro    
    DEWEY     Libro Claustro Claustro 3er piso 28/02/2003 Compra 550.00 2a.Ed. 29 4 346.07 M178p 100021270 09/12/2025 01/08/2019 Ej.1 03/02/2013 Libro    
    DEWEY     Libro Claustro Claustro 3er piso 28/02/2003 Compra 8800.00 6a.Ed. 82   346.07 M178p 100037927 09/12/2025 11/09/2019 Ej.1 03/02/2013 Libro    
    DEWEY     Libro Claustro Claustro 3er piso 28/02/2005 Compra 26000.00 8a.Ed. 90   346.07 M178p 100071800 09/12/2025 06/09/2019 Ej.4 03/02/2013 Libro    
    DEWEY     Libro Claustro Claustro 3er piso 28/02/2004 Compra 23000.00 9a. ed. 81 8 346.07 M178p 100070164 09/12/2025 29/01/2020 Ej.1 03/02/2013 Libro    
    DEWEY     Libro Claustro Claustro 3er piso 28/02/2005 Compra 22450.00 9a.Ed. 142 7 346.07 M178p 100073029 09/12/2025 12/09/2019 Ej.3 03/02/2013 Libro    
    DEWEY     Libro Claustro Claustro 3er piso 28/02/2005 Compra 22450.00 9a.Ed. 125 8 346.07 M178p 100073028 09/12/2025 25/07/2022 Ej.2 03/02/2013 Libro    
    DEWEY     Libro Claustro Claustro 3er piso 28/02/2005 Compra 21600.00 9a.Ed. 121 7 346.07 M178p 100075036 09/12/2025 05/08/2020 Ej.4 03/02/2013 Libro    
    DEWEY     Libro Claustro Claustro 3er piso 28/02/2005 Compra 23760.00 9a.Ed. 135 8 346.07 M178p 100018861 09/12/2025 02/02/2021 Ej.5 03/02/2013 Libro    
    DEWEY     Libro Claustro Claustro 3er piso 30/09/2009 Compra 38000.00 10a.Ed. 100 23 346.07 M178p 100101612 09/12/2025 17/11/2023 Ej.2 03/02/2013 Libro    
    DEWEY     Libro Claustro Claustro 3er piso 30/09/2008 Compra 35000.00 10a.Ed. 13 4 346.07 M178p 100092682 09/12/2025 15/11/2024 Ej.1 03/02/2013 Libro    
    DEWEY     Libro de reserva Claustro Claustro 3er piso 16/09/2019 Compra 51920.00 12a.Ed. 1   346.07 M178p 100163682 09/12/2025 27/01/2020 Ej.1 16/09/2019 Libro de reserva 9 51920.00